Allfudo'n Llwyddiannus — 

The Norton anthology of English literature

Wedi'i Gadw mewn:
Manylion Llyfryddiaeth
Fformat: Llyfr
Iaith:Undetermined
Cyhoeddwyd: New York Norton 2006
Pynciau:
Tagiau: Ychwanegu Tag
Dim Tagiau, Byddwch y cyntaf i dagio'r cofnod hwn!
Thư viện lưu trữ: Trung tâm Học liệu Trường Đại học Cần Thơ
LEADER 00526nam a2200169Ia 4500
001 CTU_194813
008 210402s9999 xx 000 0 und d
082 |a 820.8 
082 |b N882/Vol.B 
245 4 |a The Norton anthology of English literature 
245 0 |c Stephen Greenblatt, general editor ; M.H. Abrams, founding editor emeritus 
260 |a New York 
260 |b Norton 
260 |c 2006 
650 |a English literature,Văn học Anh 
910 |a Hải 
980 |a Trung tâm Học liệu Trường Đại học Cần Thơ